MARC details
| 000 -CABECERA |
| campo de control de longitud fija |
03187nam a22002897a 4500 |
| 003 - IDENTIFICADOR DEL NÚMERO DE CONTROL |
| campo de control |
OSt |
| 005 - FECHA Y HORA DE LA ÚLTIMA TRANSACCIÓN |
| campo de control |
20251111142635.0 |
| 007 - CAMPO FIJO DE DESCRIPCIÓN FÍSICA--INFORMACIÓN GENERAL |
| campo de control de longitud fija |
cr ||||||a|c|a |
| 008 - DATOS DE LONGITUD FIJA--INFORMACIÓN GENERAL |
| campo de control de longitud fija |
230503s2020 mx adb|fom||| 001 0 spa d |
| 040 ## - FUENTE DE LA CATALOGACIÓN |
| Normas de descripción |
rda |
| 100 1# - ENTRADA PRINCIPAL--NOMBRE DE PERSONA |
| 9 (RLIN) |
186825 |
| Nombre de persona |
Pérez Pérez, Williams Jenry |
| 245 10 - MENCIÓN DE TÍTULO |
| Título |
Eficientar la cría del parasitoide Trichopria drosophilae a través del aumento en la parasitación de las pupas de Drosophila suzukii / |
| Mención de responsabilidad, etc. |
por Williams Jenry Pérez Pérez; director de tesis Jaime González Cabrera |
| 264 #1 - PRODUCCIÓN, PUBLICACIÓN, DISTRIBUCIÓN, FABRICACIÓN Y COPYRIGHT |
| Producción, publicación, distribución, fabricación y copyright |
Chapingo, México : |
| Nombre del de productor, editor, distribuidor, fabricante |
El autor, |
| Fecha de producción, publicación, distribución, fabricación o copyright |
2020. |
| 300 ## - DESCRIPCIÓN FÍSICA |
| Extensión |
1 recurso en línea (63 págias): |
| Otras características físicas |
ilustraciones, gráficas, mapas |
| 336 ## - TIPO DE CONTENIDO |
| Fuente |
rdacontent |
| Término de tipo de contenido |
texto |
| Código de tipo de contenido |
txt |
| 337 ## - TIPO DE MEDIO |
| Fuente |
rdamedia |
| Nombre/término del tipo de medio |
computadora |
| Código del tipo de medio |
c |
| 338 ## - TIPO DE SOPORTE |
| Fuente |
rdacarrier |
| Nombre/término del tipo de soporte |
recurso en línea |
| Código del tipo de soporte |
cr |
| 502 ## - NOTA DE TESIS |
| Tipo de título |
Ingeniería en Agroecología |
| Nombre de la institución que otorga el título |
Departamento de Enseñanza, Investigación y Servicio en Agroecología, |
| Año de obtención del título |
2020. |
| Información miscelánea |
Licenciatura |
| 504 ## - NOTA DE BIBLIOGRAFÍA, ETC. |
| Nota de bibliografía, etc. |
Incluye referencias bibliográficas: páginas 50-59 |
| 520 ## - SUMARIO, ETC. |
| Sumario, etc. |
La mosca del vinagre de alas manchadas Drosophila suzukii (Diptera: Drosophiliade) se detectó en México por primera vez en el 2011, y para complementar las medidas fitosanitarias aplicadas en la industria nacional de frutillas, el gobierno mexicano estableció la cría del parasitoide Trichopria drosophilae (Hymenoptera: Driapriidae) en el 2013. Hoy en día, se considera una cría masiva muy exitosa; sin embargo, los porcentajes de parasitismo, de su huésped D. suzukii son alrededor de 60%. Por lo que, para aumentar este porcentaje y de esta manera hacer más eficiente la cría del parasitoide, se evaluaron seis aspectos relacionados con un manejo óptimo del parasitoide y su huésped D. suzukii. Como resultados, se encontró que (1) las pupas de D. suzukii de 1 día de edad fueron más aceptadas como sustrato de oviposición por T. drosophilae; (2) la oviposición óptima de T. drosophilae se registró cuando hubo 20 pupas disponibles como sustrato de oviposición; (3) la cantidad óptima de machos en grupos de hembras de T. drosophilae fue 1 a 7; (4) el tamaño óptimo de contenedores para parasitar pupas fue 11. 5 cm3; (5) tanto el método de peso como volumen registraron gradientes altamente correlacionados con la cantidad de pupas presentes en una charola de producción R2 de 0.9999 y 0.9922, respectivamente, y (6) la duración optima de parasitación de T. drosophilae fue de 72 horas. La segunda parte de este trabajo consistió en validar la implementación de los resultados obtenidos, y los resultados indicaron que el método modificado (forma normal + ajustes) aumentó 16% el porcentaje de parasitismo. Estos resultados avanzan un paso más en el desarrollo de un método eficiente de cría masiva de T. drosophilae para su posterior uso generalizado como agente de control biológico dentro de un manejo agroecológico de plagas de D. suzukii en México |
| 650 #4 - PUNTO DE ACCESO ADICIONAL DE MATERIA--TÉRMINO DE MATERIA |
| 9 (RLIN) |
27587 |
| Término de materia o nombre geográfico como elemento de entrada |
Control biológico de plagas |
| 650 #0 - PUNTO DE ACCESO ADICIONAL DE MATERIA--TÉRMINO DE MATERIA |
| 9 (RLIN) |
167017 |
| Término de materia o nombre geográfico como elemento de entrada |
Cultivos |
| Subdivisión general |
Plagas Control de plagas |
| 650 #4 - PUNTO DE ACCESO ADICIONAL DE MATERIA--TÉRMINO DE MATERIA |
| 9 (RLIN) |
132433 |
| Término de materia o nombre geográfico como elemento de entrada |
Insectos como agentes de control biológico de plagas |
| 700 1# - PUNTO DE ACCESO ADICIONAL--NOMBRE DE PERSONA |
| 9 (RLIN) |
48744 |
| Nombre de persona |
González Cabrera, Jaime |
| Término indicativo de función/relación |
director. |
| 856 ## - LOCALIZACIÓN Y ACCESO ELECTRÓNICOS |
| Identificador Uniforme del Recurso |
http://10.13.5.2/tesis/tl/Perez_Perez_Williams_Jenry.pdf |
| Nota pública |
DESCARGAR PDF |
| 942 ## - ELEMENTOS DE PUNTO DE ACCESO ADICIONAL (KOHA) |
| Fuente del sistema de clasificación o colocación |
Clasificación Universidad Autónoma Chapingo |
| Tipo de ítem Koha |
Tesis digital |